| 000 | 00385 a2200133 4500 | ||
|---|---|---|---|
| 003 | Nust | ||
| 005 | 20170207165959.0 | ||
| 040 | _cNust | ||
| 082 | _a799 | ||
| 245 |
_aOpening Address to New BETE/BESE Student Offrs,Photographs-2014 _cMCS |
||
| 260 |
_aRawalpindi _bMCS _c19-11-2014 |
||
| 650 | _aOpening Address to New BETE/BESE Student Offrs,Photographs-2014,G Drive | ||
| 651 | _aSweet Memories-MCS | ||
| 942 | _cBK | ||
| 999 |
_c213504 _d213504 |
||